| 000 | 00831cam a2200253 4500 | ||
|---|---|---|---|
| 001 | 3569 | ||
| 005 | 20230410130745.0 | ||
| 008 | 060907s1972 mx spa | ||
| 020 | _a9682300592 | ||
| 035 | _9funglode3587 | ||
| 041 | _aspa | ||
| 050 | 1 | 4 |
_aPN 6725 _bD695p 1972 |
| 100 | 1 |
_aDorfman, Ariel, _d1942- |
|
| 245 | 1 | 0 |
_aPara leer al Pato Donald / _cAriel Dorfman, Armand Mattelart |
| 260 |
_aMéxico : _bSiglo Veintiuno Editores, _c1972 |
||
| 300 |
_a160 p. : _bil. ; _c21 cm. |
||
| 610 | 2 | 0 | _aWalt Disney Productions. |
| 650 | 0 |
_aComic books, strips, etc. _xHistory and criticism. |
|
| 650 | 0 | _aPropaganda, American. | |
| 650 | 4 |
_aTiras cómicas, historietas, etc. _xAspectos sociales. |
|
| 650 | 4 |
_aMedios de comunicación de masas _xAspectos sociales. |
|
| 700 | 1 |
_aMattelart, Armand, _d1936- |
|
| 942 |
_2lcc _cbk |
||
| 999 |
_c79842 _d79842 |
||